[Event "Lindores Abbey Tal Blitz 2021"]
[Site "Riga"]
[Date "2021.11.08"]
[Round "11.53"]
[White "Badelka, Olga"]
[Black "Sukandar, Irine Kharisma"]
[Result "1-0"]
[WhiteElo "2438"]
[BlackElo "2406"]
[Annotator "NA"]
[PlyCount "109"]
[EventDate "2021.11.02"]
[EventType "swiss"]
[EventCountry "LAT"]
[SourceTitle "playchess.com"]
[Source "ChessBase"]
[SourceQuality "1"]

1. c4 e5 2. g3 Nf6 3. Bg2 d5 4. cxd5 Nxd5 5. Nf3 Nc6 6. O-O Nb6 7. b3 Be7 8.
Bb2 f6 9. d4 exd4 10. Nxd4 Nxd4 11. Qxd4 Qxd4 12. Bxd4 O-O 13. Nc3 c6 14. a4
Bb4 15. a5 Nd7 16. a6 bxa6 17. Bxc6 Rb8 18. Rfc1 Nb6 19. Nd5 Bd6 20. Nxb6 axb6
21. Bd5+ Kh8 22. Rc6 Be5 23. Bxe5 fxe5 24. e4 Rf6 25. Rc7 b5 26. Re7 Bh3 27.
Rxe5 Rbf8 28. f4 Rc8 29. Bb7 Rd8 30. Rxa6 Rd1+ 31. Kf2 Rf8 32. Bd5 Rd2+ 33. Ke3
Rxh2 34. Ra8 Rxa8 35. Bxa8 g6 36. Rxb5 Bg4 37. e5 Rh3 38. Kf2 Rh2+ 39. Kg1 Re2
40. Bd5 Re3 41. Kf2 Re2+ 42. Kf1 Re3 43. Rb7 Rxg3 44. e6 Bxe6 45. Bxe6 Rf3+ 46.
Kg2 Rxf4 47. b4 Re4 48. Bd5 Re2+ 49. Kf3 Rb2 50. b5 h5 51. b6 g5 52. Rb8+ Kg7
53. b7 g4+ 54. Kg3 Rb5 55. Rd8 1-0

[Event "Lindores Abbey Tal Blitz 2021"]
[Site "Riga"]
[Date "2021.11.08"]
[Round "11.54"]
[White "Rogule, Laura"]
[Black "Socko, Monika"]
[Result "1-0"]
[WhiteElo "2289"]
[BlackElo "2393"]
[Annotator "NA"]
[PlyCount "107"]
[EventDate "2021.11.02"]
[EventType "swiss"]
[EventCountry "LAT"]
[SourceTitle "playchess.com"]
[Source "ChessBase"]
[SourceQuality "1"]

1. c4 e5 2. Nc3 d6 3. g3 f5 4. Bg2 Nf6 5. d4 Be7 6. b3 O-O 7. Bb2 c6 8. dxe5
dxe5 9. Nf3 e4 10. Nd4 c5 11. Ndb5 Nc6 12. O-O Be6 13. Qxd8 Raxd8 14. Rfd1
Rxd1+ 15. Rxd1 Rd8 16. Rxd8+ Bxd8 17. f3 exf3 18. Bxf3 Kf7 19. Nd6+ Ke7 20.
Nxb7 Nd4 21. Nxc5 Bb6 22. N3a4 Nxf3+ 23. exf3 Bc8 24. Nxb6 axb6 25. Bxf6+ Kxf6
26. Nd3 g5 27. Kf2 Ke6 28. Ke3 Kd6 29. Kd4 Bb7 30. f4 g4 31. Nb4 Be4 32. a3 h5
33. Nd5 b5 34. c5+ Kc6 35. Ne3 Bb1 36. a4 bxa4 37. bxa4 Be4 38. Nc4 Bc2 39.
Ne5+ Kc7 40. a5 Be4 41. Kc4 Kb7 42. Kb5 Bg2 43. c6+ Kc7 44. Kc5 Bf1 45. Nf7 Bg2
46. Nh6 Bxc6 47. Nxf5 Bf3 48. Ng7 h4 49. gxh4 Kd7 50. h5 Ke7 51. Nf5+ Kf6 52.
Nd4 Be4 53. a6 Kg7 54. Nc6 1-0

[Event "Lindores Abbey Tal Blitz 2021"]
[Site "Riga"]
[Date "2021.11.08"]
[Round "11.55"]
[White "Zhu, Jiner"]
[Black "Arakhamia-Grant, Ketevan"]
[Result "1-0"]
[WhiteElo "2455"]
[BlackElo "2362"]
[Annotator "ChessBase"]
[PlyCount "51"]
[EventDate "2021.11.02"]
[EventType "swiss"]
[EventCountry "LAT"]
[SourceTitle "playchess.com"]
[Source "ChessBase"]
[SourceQuality "1"]

1. e4 c5 2. Nf3 Nc6 3. d4 cxd4 4. Nxd4 e5 5. Nb5 d6 6. c4 Be7 7. Bd3 Be6 8. O-O
Rc8 9. N5c3 Bg5 10. Bxg5 Qxg5 11. Nb5 Qd8 12. Qa4 a6 13. Na7 Ra8 14. Nxc6 Qd7
15. c5 dxc5 16. Bb5 Rc8 17. Na7 axb5 18. Nxb5 Ke7 19. N1c3 Nf6 20. Rfd1 Qc6 21.
Rd6 Qxd6 22. Nxd6 Kxd6 23. Qb5 Rc7 24. Qb6+ Rc6 25. Qxb7 Rhc8 26. Rd1+ 1-0

[Event "Lindores Abbey Tal Blitz 2021"]
[Site "Riga"]
[Date "2021.11.08"]
[Round "11.56"]
[White "Atalik, Ekaterina"]
[Black "Vantika Agrawal"]
[Result "1-0"]
[WhiteElo "2430"]
[BlackElo "2329"]
[Annotator "NA"]
[PlyCount "119"]
[EventDate "2021.11.02"]
[EventType "swiss"]
[EventCountry "LAT"]
[SourceTitle "playchess.com"]
[Source "ChessBase"]
[SourceQuality "1"]

1. Nf3 Nf6 2. d4 g6 3. g3 Bg7 4. Bg2 O-O 5. O-O d6 6. a4 Na6 7. c3 c5 8. Na3
Bd7 9. Nc2 Rc8 10. Re1 cxd4 11. Ncxd4 Nc5 12. Nd2 d5 13. N2f3 Bf5 14. Nxf5 gxf5
15. Nd4 e6 16. Bg5 h6 17. Bxf6 Qxf6 18. e3 a6 19. Qe2 Rfd8 20. h3 Qg6 21. Kh2
e5 22. Nf3 e4 23. Nh4 Qg5 24. f4 exf3 25. Qxf3 Be5 26. Nxf5 Rc6 27. h4 Qf6 28.
Rf1 Kh8 29. Qh5 Qg6 30. Qxg6 Rxg6 31. Rad1 Rdg8 32. Rxd5 Bxg3+ 33. Kh1 Nxa4 34.
Ne7 Bxh4 35. Nxg6+ fxg6 36. Rf7 Rg7 37. Rxg7 Kxg7 38. Rd7+ Kf6 39. Rxb7 Bf2 40.
e4 h5 41. Bf1 Nc5 42. Rb6+ Kg5 43. Rc6 Nxe4 44. Rxa6 h4 45. Kg2 Bg3 46. Ra5+
Kf4 47. Ra4 Ke3 48. c4 Nf2 49. c5 h3+ 50. Kxg3 Ne4+ 51. Rxe4+ Kxe4 52. c6 Kd5
53. c7 Kd6 54. c8=Q Ke7 55. Bxh3 Kf6 56. Kf4 g5+ 57. Ke4 Kg6 58. Ke5 Kh5 59.
Kf6 Kh4 60. Qg4# 1-0

[Event "Lindores Abbey Tal Blitz 2021"]
[Site "Riga"]
[Date "2021.11.08"]
[Round "11.57"]
[White "Garifullina, Leya"]
[Black "Bivol, Alina"]
[Result "1-0"]
[WhiteElo "2416"]
[BlackElo "2377"]
[Annotator "NA"]
[PlyCount "123"]
[EventDate "2021.11.02"]
[EventType "swiss"]
[EventCountry "LAT"]
[SourceTitle "playchess.com"]
[Source "ChessBase"]
[SourceQuality "1"]

1. e4 e6 2. d4 d5 3. Nc3 Bb4 4. e5 c5 5. a3 Bxc3+ 6. bxc3 Nc6 7. Qg4 g6 8. Qd1
Qa5 9. Bd2 Qa4 10. Be3 Nge7 11. Nf3 Nf5 12. Bd3 Bd7 13. Bxf5 gxf5 14. Bg5 Rg8
15. h4 Qc4 16. Qd3 Na5 17. Qxc4 Nxc4 18. dxc5 Bb5 19. O-O Rc8 20. Rfb1 Ba6 21.
Bf4 Rxc5 22. Ng5 Rg7 23. h5 h6 24. Nf3 Nb6 25. Bd2 Be2 26. Nd4 Bxh5 27. Bxh6
Rh7 28. Bd2 Kd7 29. f3 Kc8 30. Kf2 Nc4 31. Bf4 Bg6 32. Nb5 Kb8 33. Rb3 a6 34.
Nd6 Na5 35. Rb2 Rh8 36. Be3 Rc6 37. Bb6 Nc4 38. Nxc4 Rxc4 39. Bd4 Rhc8 40. Rab1
R8c7 41. Rh1 Rc8 42. f4 b5 43. Rb4 Ka8 44. Ke3 Rxc3+ 45. Bxc3 Rxc3+ 46. Kd2
Rxa3 47. Rh8+ Kb7 48. Rd8 Rg3 49. Kc1 Rxg2 50. Kb2 Rg3 51. Rd6 Bh5 52. Rb3 Rg2
53. Ra3 Bd1 54. Raxa6 Rxc2+ 55. Kb1 Rc4 56. Rab6+ Kc7 57. Rxb5 Bc2+ 58. Kb2 Ba4
59. Ra5 Rxf4 60. Ra7+ Kc8 61. Rxf7 d4 62. Ra6 1-0

[Event "Lindores Abbey Tal Blitz 2021"]
[Site "Riga"]
[Date "2021.11.08"]
[Round "11.58"]
[White "Melia, Salome"]
[Black "Maltsevskaya, Aleksandra"]
[Result "0-1"]
[WhiteElo "2371"]
[BlackElo "2411"]
[Annotator "NA"]
[PlyCount "63"]
[EventDate "2021.11.02"]
[EventType "swiss"]
[EventCountry "LAT"]
[SourceTitle "playchess.com"]
[Source "ChessBase"]
[SourceQuality "1"]

1. e4 c5 2. Nf3 e6 3. d4 cxd4 4. Nxd4 Nf6 5. Nc3 Nc6 6. Ndb5 Bc5 7. Bf4 O-O 8.
Bc7 Qe7 9. Bd6 Bxd6 10. Qxd6 Qd8 11. Qc7 d5 12. Qxd8 Rxd8 13. exd5 exd5 14.
O-O-O Be6 15. f3 d4 16. Ne2 d3 17. Nec3 dxc2 18. Rxd8+ Rxd8 19. Kxc2 a6 20. Na3
b5 21. Naxb5 axb5 22. Bxb5 Nd4+ 23. Kb1 Bf5+ 24. Kc1 Rc8 25. Kd2 Nxb5 26. Nxb5
Rc2+ 27. Ke3 Rxb2 28. g4 Be6 29. Nc3 g5 30. Rd1 Rxh2 31. a4 Rc2 32. Ra1 0-1

[Event "Lindores Abbey Tal Blitz 2021"]
[Site "Riga"]
[Date "2021.11.08"]
[Round "11.59"]
[White "Martynov, Aleksandr"]
[Black "Budisavljevic, Luka"]
[Result "0-1"]
[WhiteElo "1648"]
[BlackElo "2511"]
[Annotator "ChessBase"]
[PlyCount "57"]
[EventDate "2021.11.02"]
[EventType "swiss"]
[EventCountry "LAT"]
[SourceTitle "playchess.com"]
[Source "ChessBase"]
[SourceQuality "1"]

1. d4 Nf6 2. Nf3 e6 3. g3 b5 4. Bg2 Bb7 5. O-O c5 6. Re1 d5 7. dxc5 Bxc5 8. b3
O-O 9. Bb2 Nc6 10. Nd4 Qb6 11. e3 Nxd4 12. exd4 Bb4 13. c3 Bd6 14. Nd2 Rfc8 15.
Rc1 a5 16. Rc2 a4 17. Nf3 Rc7 18. Ne5 Rac8 19. Qd2 Ne4 20. Bxe4 dxe4 21. Ng4 f5
22. Ne5 Ba8 23. Re3 Qb7 24. Bc1 Rd8 25. Qe2 axb3 26. axb3 Qd5 27. c4 Qxd4 28.
Bb2 Qc5 29. Ng4 0-1

[Event "Lindores Abbey Tal Blitz 2021"]
[Site "Riga"]
[Date "2021.11.08"]
[Round "11.60"]
[White "Golsta, Madara"]
[Black "Zawadzka, Jolanta"]
[Result "0-1"]
[WhiteElo "2003"]
[BlackElo "2429"]
[Annotator "NA"]
[PlyCount "80"]
[EventDate "2021.11.02"]
[EventType "swiss"]
[EventCountry "LAT"]
[SourceTitle "playchess.com"]
[Source "ChessBase"]
[SourceQuality "1"]

1. e4 c5 2. Nf3 Nc6 3. d4 cxd4 4. Nxd4 e5 5. Nb5 d6 6. c4 g6 7. N1c3 a6 8. Na3
Bg7 9. Nc2 Be6 10. Bd3 Rc8 11. O-O Nge7 12. b3 O-O 13. a4 f5 14. exf5 Nxf5 15.
Be4 Qe7 16. Ba3 Ncd4 17. Nxd4 Nxd4 18. Nd5 Qh4 19. Qd3 Rcd8 20. Rab1 Bh6 21. g3
Qh5 22. f4 Ne2+ 23. Kg2 Bh3+ 24. Kf2 Bxf1 25. Rxf1 Qxh2+ 26. Bg2 Bxf4 27. Nxf4
Nxg3 28. Qd5+ Kh8 29. Re1 Rxf4+ 30. Ke3 Nf5+ 31. Kd2 Rf2+ 32. Re2 Rxe2+ 33.
Kxe2 Qf4 34. Bb2 Qe3+ 35. Kd1 Qxb3+ 36. Kc1 Qe3+ 37. Kb1 Rc8 38. Qf7 Qg1+ 39.
Ka2 Qxg2 40. Qf6+ Ng7 0-1

[Event "Lindores Abbey Tal Blitz 2021"]
[Site "Riga"]
[Date "2021.11.08"]
[Round "12.1"]
[White "Caruana, Fabiano"]
[Black "Erigaisi Arjun"]
[Result "1-0"]
[WhiteElo "2791"]
[BlackElo "2627"]
[Annotator "TA"]
[PlyCount "105"]
[EventDate "2021.11.02"]
[EventType "swiss"]
[EventCountry "LAT"]
[SourceTitle "playchess.com"]
[Source "ChessBase"]
[SourceQuality "1"]

1. c4 c6 2. d4 d5 3. Nf3 Nf6 4. e3 Bf5 5. Nc3 e6 6. Nh4 Be4 7. f3 Bg6 8. Qb3
Qc7 9. Bd2 Be7 10. g3 a6 11. Rc1 dxc4 12. Qxc4 b5 13. Qe2 Nbd7 14. Bg2 c5 15.
Nxg6 hxg6 16. O-O Qb6 17. f4 Rd8 18. d5 exd5 19. Nxd5 Nxd5 20. Bxd5 Nf6 21. Bf3
c4 22. b3 Bc5 23. Kg2 cxb3 24. axb3 O-O 25. Rfe1 a5 26. e4 a4 27. e5 Nd5 28.
bxa4 bxa4 29. Rb1 Qa7 30. Qc4 Ne7 31. Bc3 Rb8 32. e6 f6 33. Rbd1 Qb6 34. Rd7
Qb5 35. Qxb5 Rxb5 36. Bd4 Re8 37. Bxc5 Rxc5 38. Rb1 Nf5 39. Kh3 a3 40. Bd5 Ne7
41. Ba2 Rc2 42. Ra1 g5 43. fxg5 fxg5 44. Bb3 Rc3 45. Rxa3 Kf8 46. Rb7 Ng6 47.
Kg4 Ne5+ 48. Kxg5 Rc5 49. Kf4 Ng6+ 50. Kf3 Rf5+ 51. Kg2 Ne7 52. Raa7 g5 53. Ba4
1-0

[Event "Lindores Abbey Tal Blitz 2021"]
[Site "Riga"]
[Date "2021.11.08"]
[Round "12.2"]
[White "Onyshchuk, Volodymyr"]
[Black "Martirosyan, Haik M."]
[Result "1-0"]
[WhiteElo "2622"]
[BlackElo "2624"]
[Annotator "TA"]
[PlyCount "51"]
[EventDate "2021.11.02"]
[EventType "swiss"]
[EventCountry "LAT"]
[SourceTitle "playchess.com"]
[Source "ChessBase"]
[SourceQuality "1"]

1. e4 e5 2. Nf3 Nc6 3. Bc4 Bc5 4. d3 Nf6 5. c3 d6 6. Bb3 h6 7. Nbd2 O-O 8. O-O
a5 9. h3 Be6 10. Ba4 Ba7 11. Re1 Ne7 12. Nf1 Ng6 13. d4 c6 14. Ng3 Re8 15. Bc2
b5 16. Be3 Qc7 17. Qd2 Rad8 18. Nf5 Bxf5 19. exf5 Nf8 20. Bxh6 gxh6 21. Qxh6
N8h7 22. Ng5 Qe7 23. Nxh7 Nxh7 24. f6 Nxf6 25. Re3 Ne4 26. Rg3+ 1-0

[Event "Lindores Abbey Tal Blitz 2021"]
[Site "Riga"]
[Date "2021.11.08"]
[Round "12.4"]
[White "Korobov, Anton"]
[Black "Paravyan, David"]
[Result "1-0"]
[WhiteElo "2684"]
[BlackElo "2642"]
[Annotator "TA"]
[PlyCount "79"]
[EventDate "2021.11.02"]
[EventType "swiss"]
[EventCountry "LAT"]
[SourceTitle "playchess.com"]
[Source "ChessBase"]
[SourceQuality "1"]

1. d4 f5 2. g3 Nf6 3. Bg2 g6 4. Nf3 Bg7 5. O-O O-O 6. b3 d6 7. Bb2 a5 8. c4 a4
9. bxa4 Ne4 10. Nfd2 Nxd2 11. Nxd2 e5 12. c5 e4 13. cxd6 cxd6 14. Nc4 Nc6 15.
Ba3 Bxd4 16. Nxd6 Be6 17. Nxb7 Qd5 18. Bxf8 Bxa1 19. Qxa1 Rxf8 20. Rd1 Qc4 21.
e3 Qxa4 22. Nc5 Qxa2 23. Qc3 Qc4 24. Qa3 Ne5 25. Bf1 Nd3 26. Nxe6 Qxe6 27. Bxd3
exd3 28. Rxd3 Qf6 29. Qb3+ Kh8 30. Rd7 Qa1+ 31. Kg2 Qa8+ 32. Kh3 Qc6 33. Qb2+
Qf6 34. Qb7 h5 35. Kg2 Kg8 36. h4 Qe5 37. Qc6 Rf6 38. Qc4+ Qe6 39. Qc8+ Rf8 40.
Rg7+ 1-0

[Event "Lindores Abbey Tal Blitz 2021"]
[Site "Riga"]
[Date "2021.11.08"]
[Round "12.5"]
[White "Deac, Bogdan-Daniel"]
[Black "Svidler, Peter"]
[Result "1/2-1/2"]
[WhiteElo "2651"]
[BlackElo "2694"]
[Annotator "TA"]
[PlyCount "93"]
[EventDate "2021.11.02"]
[EventType "swiss"]
[EventCountry "LAT"]
[SourceTitle "playchess.com"]
[Source "ChessBase"]
[SourceQuality "1"]

1. e4 c5 2. Nf3 d6 3. Bb5+ Nd7 4. d4 cxd4 5. Qxd4 a6 6. Be2 Ngf6 7. O-O g6 8.
Nc3 Bg7 9. Rd1 O-O 10. e5 dxe5 11. Nxe5 Nh5 12. f4 Nhf6 13. Be3 Qc7 14. Bf3 e6
15. Qc4 Qb8 16. Bd4 b5 17. Qc6 Ra7 18. Nxd7 Rxd7 19. Be5 Qa7+ 20. Kh1 Rfd8 21.
Rxd7 Bxd7 22. Qd6 Rc8 23. Rd1 Be8 24. h3 Nd7 25. Bxg7 Kxg7 26. Qd2 Nf6 27. Ne4
Nxe4 28. Bxe4 Qc5 29. c3 Bc6 30. Bxc6 Rxc6 31. Kh2 h5 32. Qd7 Rc7 33. Qd8 Rc8
34. Qd7 Rc7 35. Qd2 a5 36. a3 a4 37. Qd8 Rc8 38. Qd7 Rc7 39. Qd8 Rc8 40. Qd2
Qf5 41. Qe3 Rc4 42. Rd4 Rxd4 43. Qxd4+ Qf6 44. Qb4 Qf5 45. Qd4+ Qf6 46. Qb4 Qf5
47. Qd4+ 1/2-1/2

[Event "Lindores Abbey Tal Blitz 2021"]
[Site "Riga"]
[Date "2021.11.08"]
[Round "12.6"]
[White "Sevian, Samuel"]
[Black "Mamedov, Rauf"]
[Result "1-0"]
[WhiteElo "2668"]
[BlackElo "2673"]
[Annotator "TA"]
[PlyCount "75"]
[EventDate "2021.11.02"]
[EventType "swiss"]
[EventCountry "LAT"]
[SourceTitle "playchess.com"]
[Source "ChessBase"]
[SourceQuality "1"]

1. e4 c5 2. Nf3 d6 3. d4 cxd4 4. Nxd4 Nf6 5. Nc3 g6 6. Be3 Bg7 7. f3 Nc6 8. Qd2
O-O 9. O-O-O d5 10. Nxc6 bxc6 11. Bc4 e6 12. Bb3 Bb7 13. Na4 Nd7 14. h4 Qe7 15.
Qa5 Rfc8 16. Nc5 d4 17. Nxd7 dxe3 18. Qc5 Qxc5 19. Nxc5 Rab8 20. g3 Ba8 21.
Rhe1 Rb5 22. Nd3 c5 23. Bc4 Ra5 24. Rxe3 Ra4 25. Bb3 Ra5 26. c4 Bc6 27. Re2 Rb8
28. Ne1 f5 29. exf5 exf5 30. Rd6 Be8 31. Nd3 Bf8 32. Rde6 Bf7 33. Rc6 Rd8 34.
Nf4 Bh6 35. Kc2 Bxf4 36. gxf4 Rd4 37. Rc7 Bxc4 38. Re8# 1-0

[Event "Lindores Abbey Tal Blitz 2021"]
[Site "Riga"]
[Date "2021.11.08"]
[Round "12.7"]
[White "Vachier-Lagrave, Maxime"]
[Black "Adhiban, B.."]
[Result "0-1"]
[WhiteElo "2766"]
[BlackElo "2672"]
[Annotator "TA"]
[PlyCount "68"]
[EventDate "2021.11.02"]
[EventType "swiss"]
[EventCountry "LAT"]
[SourceTitle "playchess.com"]
[Source "ChessBase"]
[SourceQuality "1"]

1. e4 e5 2. Nf3 Nc6 3. Nc3 Nf6 4. a4 d5 5. exd5 Nxd5 6. Bb5 Nxc3 7. bxc3 Bd6 8.
d3 Bg4 9. h3 Bh5 10. g4 Bg6 11. Ng5 h5 12. Qf3 Qd7 13. Ne4 hxg4 14. hxg4 Rxh1+
15. Qxh1 O-O-O 16. Qg2 a6 17. Bc4 Na5 18. Ba2 Qc6 19. Nxd6+ Qxd6 20. Ba3 Qd7
21. Bc5 e4 22. d4 Kb8 23. Bb3 Nxb3 24. cxb3 b6 25. Ba3 Qe6 26. c4 e3 27. Bb2
exf2+ 28. Kxf2 Re8 29. Qf3 Be4 30. Qf4 Bb7 31. Qe5 Qd7 32. Qg3 Qe7 33. Kg1 Qe2
34. Bc1 Qd1+ 0-1

[Event "Lindores Abbey Tal Blitz 2021"]
[Site "Riga"]
[Date "2021.11.08"]
[Round "12.8"]
[White "Aronian, Levon"]
[Black "Dreev, Aleksey"]
[Result "1-0"]
[WhiteElo "2782"]
[BlackElo "2635"]
[Annotator "TA"]
[PlyCount "43"]
[EventDate "2021.11.02"]
[EventType "swiss"]
[EventCountry "LAT"]
[SourceTitle "playchess.com"]
[Source "ChessBase"]
[SourceQuality "1"]

1. e4 c6 2. Nf3 d5 3. d3 Bg4 4. h3 Bh5 5. Qe2 e6 6. g4 Bg6 7. h4 h5 8. Ne5 Bh7
9. g5 Bd6 10. Nxf7 Kxf7 11. Qxh5+ Ke7 12. g6 Nf6 13. Qg5 Bg8 14. e5 Rh5 15.
exf6+ Kd7 16. Qxh5 Qxf6 17. Qg5 Qf8 18. Nc3 Na6 19. Bd2 Kc7 20. h5 Nb4 21.
O-O-O Qd8 22. Nb1 1-0

[Event "Lindores Abbey Tal Blitz 2021"]
[Site "Riga"]
[Date "2021.11.08"]
[Round "12.9"]
[White "Maghsoodloo, Parham"]
[Black "Navara, David"]
[Result "1-0"]
[WhiteElo "2706"]
[BlackElo "2699"]
[Annotator "TA"]
[PlyCount "107"]
[EventDate "2021.11.02"]
[EventType "swiss"]
[EventCountry "LAT"]
[SourceTitle "playchess.com"]
[Source "ChessBase"]
[SourceQuality "1"]

1. e4 c5 2. Nf3 d6 3. d4 cxd4 4. Nxd4 Nf6 5. Nc3 a6 6. Bg5 Nbd7 7. f4 Qc7 8.
Qe2 e6 9. O-O-O b5 10. a3 Be7 11. g4 Rb8 12. Bxf6 Bxf6 13. g5 Be7 14. f5 Bxg5+
15. Kb1 Nf6 16. fxe6 fxe6 17. Bh3 b4 18. axb4 Rxb4 19. Na2 Rxd4 20. Rxd4 O-O
21. Qc4 Qe7 22. Nb4 Bf4 23. e5 dxe5 24. Nc6 Qb7 25. Bxe6+ Kh8 26. Rd3 Bxe6 27.
Qxe6 Re8 28. Qc4 h6 29. Rhd1 e4 30. Rd8 Rxd8 31. Rxd8+ Kh7 32. Qe6 Qb5 33. Nd4
Qf1+ 34. Ka2 Bxh2 35. Qc8 Be5 36. Ne6 Kg6 37. Qc5 Qf5 38. Qg1+ Ng4 39. Nc5 e3
40. Nd3 Bf6 41. Re8 Qd7 42. Rxe3 Kf7 43. Re2 h5 44. Qc5 h4 45. Qh5+ Kf8 46. Nf4
Qa4+ 47. Kb1 Ne5 48. Ne6+ Ke7 49. Nc5 Qd4 50. Nd3 Kd6 51. Qe8 Nxd3 52. Re6+ Kc5
53. Qc6+ Kb4 54. c3+ 1-0

[Event "Lindores Abbey Tal Blitz 2021"]
[Site "Riga"]
[Date "2021.11.08"]
[Round "12.11"]
[White "Adly, Ahmed"]
[Black "Niemann, Hans Moke"]
[Result "1-0"]
[WhiteElo "2602"]
[BlackElo "2635"]
[Annotator "TA"]
[PlyCount "61"]
[EventDate "2021.11.02"]
[EventType "swiss"]
[EventCountry "LAT"]
[SourceTitle "playchess.com"]
[Source "ChessBase"]
[SourceQuality "1"]

1. Nf3 d5 2. d4 Nf6 3. g3 Bf5 4. Bg2 e6 5. O-O c6 6. c4 Nbd7 7. Nc3 h6 8. Qb3
Qb6 9. c5 Qa6 10. Re1 b6 11. cxb6 axb6 12. Nh4 Bh7 13. e4 dxe4 14. Nxe4 Bxe4
15. Bxe4 Nxe4 16. Rxe4 Nf6 17. Rxe6+ fxe6 18. Qxe6+ Kd8 19. Ng6 Rg8 20. Ne5 Qc8
21. Qf7 Bd6 22. Bf4 Qc7 23. Qe6 Bxe5 24. Bxe5 Qe7 25. Bxf6 gxf6 26. Qxg8+ Qe8
27. Qg7 Ra4 28. b3 Rb4 29. d5 Qe5 30. Rd1 Kc8 31. dxc6 1-0

[Event "Lindores Abbey Tal Blitz 2021"]
[Site "Riga"]
[Date "2021.11.08"]
[Round "12.12"]
[White "Shevchenko, Kirill"]
[Black "Bluebaum, Matthias"]
[Result "1-0"]
[WhiteElo "2647"]
[BlackElo "2647"]
[Annotator "TA"]
[PlyCount "111"]
[EventDate "2021.11.02"]
[EventType "swiss"]
[EventCountry "LAT"]
[SourceTitle "playchess.com"]
[Source "ChessBase"]
[SourceQuality "1"]

1. Nf3 d5 2. g3 Bg4 3. Bg2 e6 4. O-O Nf6 5. d3 Be7 6. Nbd2 c5 7. Qe1 Nc6 8. c3
O-O 9. h3 Bh5 10. g4 Bg6 11. Nh4 Qc7 12. f4 d4 13. Nc4 b5 14. Nd2 Rad8 15. c4
a6 16. a3 Bd6 17. Qf2 Rfe8 18. Qf3 Rc8 19. b3 Be7 20. Ra2 Nd7 21. Qf2 Qd8 22.
Ndf3 bxc4 23. bxc4 Rb8 24. Bd2 Nf6 25. Ng5 Na5 26. Nxg6 hxg6 27. Bf3 Nb3 28.
Be1 a5 29. a4 Nd7 30. h4 Bd6 31. Bc6 Qc7 32. Bb5 Re7 33. Rb2 Nc1 34. Bd2 Nxd3
35. exd3 Nf6 36. Qf3 e5 37. fxe5 Bxe5 38. Bf4 Rb7 39. Rbf2 Bxf4 40. Qxf4 Re3
41. Qxc7 Rxc7 42. Rf3 Nxg4 43. Rxf7 Rg3+ 44. Kh1 Rxf7 45. Rxf7 Rxd3 46. Rc7 Kf8
47. Ne6+ Kg8 48. Rc8+ Kf7 49. Nxc5 Rd2 50. Rc7+ Kg8 51. Bc6 d3 52. Rc8+ Kh7 53.
Ne4 Rh2+ 54. Kg1 Rxh4 55. Ng5+ Kh6 56. Nf3 1-0

[Event "Lindores Abbey Tal Blitz 2021"]
[Site "Riga"]
[Date "2021.11.08"]
[Round "12.13"]
[White "Ivic, Velimir"]
[Black "Grandelius, Nils"]
[Result "1/2-1/2"]
[WhiteElo "2620"]
[BlackElo "2669"]
[Annotator "TA"]
[PlyCount "101"]
[EventDate "2021.11.02"]
[EventType "swiss"]
[EventCountry "LAT"]
[SourceTitle "playchess.com"]
[Source "ChessBase"]
[SourceQuality "1"]

1. e4 c5 2. Nf3 d6 3. d4 cxd4 4. Nxd4 Nf6 5. Nc3 a6 6. Rg1 h5 7. h3 h4 8. Bg5
Nc6 9. Qd2 Nxd4 10. Qxd4 Qa5 11. Bd2 e5 12. Qd3 Qc7 13. O-O-O Be6 14. f4 Be7
15. Qf3 Rc8 16. Bd3 b5 17. Kb1 Bc4 18. g4 hxg3 19. Rxg3 Bxd3 20. Qxd3 Qc4 21.
fxe5 Qxd3 22. cxd3 dxe5 23. Rxg7 Rxh3 24. Bg5 Rh2 25. Bxf6 Bxf6 26. Rg8+ Kd7
27. Rxc8 Kxc8 28. Rf1 Bg5 29. Rxf7 Rd2 30. Rf3 Kd7 31. Nd5 Kd6 32. Rg3 Bh4 33.
Rg4 Bf2 34. Rg8 Bd4 35. Rd8+ Kc6 36. Kc1 Rh2 37. b3 a5 38. a4 bxa4 39. bxa4 Ra2
40. Ne7+ Kc7 41. Rd5 Rxa4 42. Nf5 Ba1 43. Kb1 Ra3 44. Ne3 Bd4 45. Nc2 Rxd3 46.
Rxa5 Rd1+ 47. Ka2 Rd2 48. Kb3 Rd3+ 49. Ka2 Rd2 50. Kb3 Rd3+ 51. Ka2 1/2-1/2

[Event "Lindores Abbey Tal Blitz 2021"]
[Site "Riga"]
[Date "2021.11.08"]
[Round "12.14"]
[White "Jobava, Baadur"]
[Black "Anton Guijarro, David"]
[Result "1-0"]
[WhiteElo "2582"]
[BlackElo "2669"]
[Annotator "TA"]
[PlyCount "99"]
[EventDate "2021.11.02"]
[EventType "swiss"]
[EventCountry "LAT"]
[SourceTitle "playchess.com"]
[Source "ChessBase"]
[SourceQuality "1"]

1. e4 c6 2. c4 d5 3. cxd5 cxd5 4. exd5 Nf6 5. Qa4+ Nbd7 6. Nc3 g6 7. Nf3 Bg7 8.
Bc4 O-O 9. d3 a6 10. Qa3 Nb6 11. Qb3 Bg4 12. Ng5 Nc8 13. a4 Nd6 14. h3 Bf5 15.
O-O Rc8 16. Rd1 Nd7 17. Be3 Ne5 18. Bd4 Nexc4 19. dxc4 Rxc4 20. Nf3 Qc8 21.
Bxg7 Kxg7 22. Ne5 Rh4 23. Rac1 Bxh3 24. Ne2 Qf5 25. Nf3 Rg4 26. Ng3 Rxg3 27.
fxg3 Bg4 28. Re1 Qf6 29. Qc3 Bxf3 30. gxf3 Nf5 31. Qxf6+ Kxf6 32. Rc7 Rd8 33.
Rxb7 Rxd5 34. g4 Nd4 35. Kf2 e5 36. Rb6+ Ne6 37. Rxa6 Rd4 38. Re4 Rd2+ 39. Re2
Rd4 40. a5 h5 41. gxh5 gxh5 42. Rb6 Ra4 43. b4 Kf5 44. a6 Nf4 45. Rd2 h4 46. b5
h3 47. Rh6 f6 48. Rh8 Ra1 49. b6 h2 50. b7 1-0

[Event "Lindores Abbey Tal Blitz 2021"]
[Site "Riga"]
[Date "2021.11.08"]
[Round "12.15"]
[White "Ponomariov, Ruslan"]
[Black "Oparin, Grigoriy"]
[Result "1/2-1/2"]
[WhiteElo "2633"]
[BlackElo "2659"]
[Annotator "TA"]
[PlyCount "156"]
[EventDate "2021.11.02"]
[EventType "swiss"]
[EventCountry "LAT"]
[SourceTitle "playchess.com"]
[Source "ChessBase"]
[SourceQuality "1"]

1. e4 e5 2. Nf3 Nc6 3. Bb5 a6 4. Ba4 Nf6 5. O-O Nxe4 6. d4 b5 7. Bb3 d5 8. dxe5
Be6 9. Qe2 Be7 10. Rd1 O-O 11. c4 bxc4 12. Bxc4 Bc5 13. Be3 Bxe3 14. Qxe3 Qb8
15. Bb3 Na5 16. Nbd2 Nxb3 17. axb3 c5 18. Rac1 h6 19. h3 Rc8 20. g4 a5 21. Nxe4
dxe4 22. Qxe4 Qxb3 23. Rd2 a4 24. Rxc5 Rd8 25. Rc3 Qb6 26. Nd4 Rab8 27. Qe3 Rd5
28. Rc6 Qb4 29. Rcc2 Qb6 30. Nc6 Qxe3 31. fxe3 Rxd2 32. Rxd2 Rb6 33. Nd4 Ra6
34. Kf2 Ra5 35. Nf3 Bd5 36. Rd4 Rb5 37. Rxa4 Rxb2+ 38. Kg3 Rb3 39. Rd4 Bc6 40.
Rd6 Be4 41. Kf2 Rb2+ 42. Rd2 Rb5 43. Rd8+ Kh7 44. Rd7 Kg8 45. e6 fxe6 46. Nd4
Rb2+ 47. Ke1 Rb6 48. Re7 Bd5 49. Kf2 Kf8 50. Ra7 Be4 51. Kg3 e5 52. Nf5 Bxf5
53. gxf5 Rb4 54. Ra5 Re4 55. Kf3 Rh4 56. Rxe5 Rxh3+ 57. Kg4 Rh1 58. Ra5 Rg1+
59. Kf4 Kf7 60. e4 Rf1+ 61. Ke5 h5 62. Ra7+ Kg8 63. Ke6 h4 64. Ra3 Rf4 65. e5
Kh7 66. Rh3 Kh6 67. Rh1 Kh5 68. Rg1 Kh6 69. Rg6+ Kh7 70. Rg1 Kh6 71. f6 gxf6
72. exf6 Kh5 73. f7 h3 74. Ke7 Kh4 75. Rg6 Rxf7+ 76. Kxf7 h2 77. Rh6+ Kg3 78.
Rxh2 Kxh2 1/2-1/2